[Event "Wch Seniors 20th"]
[Site "Arco"]
[Date "2010.11.02"]
[Round "7"]
[White "Simon Padros, Emili"]
[Black "Belokopyt, Boris Khaimovich"]
[Result "1-0"]
[WhiteElo "2241"]
[BlackElo "2041"]
[PlyCount "69"]
[EventDate "2010.10.26"]
[EventType "swiss"]
[EventRounds "11"]
[EventCountry "ITA"]
[SourceTitle "EXT 2011"]
[Source "ChessBase"]
[SourceDate "2010.11.26"]
[SourceVersion "1"]
[SourceVersionDate "2010.11.26"]
[SourceQuality "1"]

1. e4 Nf6 2. e5 Nd5 3. d4 d6 4. c4 Nb6 5. exd6 exd6 6. Bd3 Nc6 7. Ne2 g6 8. Nbc3 Bg7 9. Be3 0-0 10. b3 Bg4 11. Qd2 a5 12. f3 Bd7 13. 0-0 Nb4 14. Be4 d5 15. Nxd5 N6xd5 16. cxd5 f5 17. Bd3 Be8 18. Nf4 Bf7 19. Ne6 Bxe6 20. dxe6 Nxd3 21. Qxd3 Qe7 22. Qc4 f4 23. Bf2 Rfe8 24. Rfe1 c6 25. Rad1 Rad8 26. d5 cxd5 27. Rxd5 Rxd5 28. Qxd5 Bc3 29. Bc5 Qd8 30. Qc4 Qf6 31. e7+ Kg7 32. Re6 b5 33. Rxf6 bxc4 34. Rf8 cxb3 35. axb3 1-0

[Event "Wch Seniors 20th"]
[Site "Arco"]
[Date "2010.10.29"]
[Round "4"]
[White "Belokopyt, Boris Khaimovich"]
[Black "Keserovic, Milan"]
[Result "0-1"]
[WhiteElo "2041"]
[BlackElo "2194"]
[PlyCount "62"]
[EventDate "2010.10.26"]
[EventType "swiss"]
[EventRounds "11"]
[EventCountry "ITA"]
[SourceTitle "EXT 2011"]
[Source "ChessBase"]
[SourceDate "2010.11.26"]
[SourceVersion "1"]
[SourceVersionDate "2010.11.26"]
[SourceQuality "1"]

1. e4 e5 2. Nf3 Nc6 3. d4 exd4 4. Bc4 Nf6 5. 0-0 Nxe4 6. Re1 d5 7. Bxd5 Qxd5 8. Nc3 Qa5 9. Nxe4 Be6 10. Bd2 Qh5 11. Bg5 Bd6 12. Nxd6+ cxd6 13. Bf4 0-0 14. Nxd4 Qxd1 15. Rexd1 Nxd4 16. Rxd4 d5 17. Rb4 b6 18. a4 Rfc8 19. c3 Rc4 20. Be3 Rxb4 21. cxb4 Rc8 22. a5 bxa5 23. Rxa5 d4 24. Bd2 Rc2 25. Bf4 h6 26. h4 d3 27. Kf1 Rxb2 28. Ke1 Re2+ 29. Kd1 Bb3+ 30. Kc1 Rc2+ 31. Kb1 Rxf2 0-1